[Event "GER-chT School WK GS"]
[Site "Playchess.com INT"]
[Date "2020.06.11"]
[Round "3.3"]
[White "Sauerwald, Finn"]
[Black "Reccius, Jacob"]
[Result "0-1"]
[WhiteElo "1353"]
[BlackElo "1516"]
[PlyCount "90"]
[EventDate "2020.06.11"]
[EventType "team-swiss (blitz)"]
[EventRounds "7"]
[EventCountry "GER"]
[SourceTitle "EXT 2021"]
[Source "ChessBase"]
[SourceDate "2020.10.23"]
[SourceVersion "1"]
[SourceVersionDate "2020.10.23"]
[SourceQuality "1"]
[WhiteTeam "Dortmund NW"]
[BlackTeam "Hannover Wasserk NI"]
[WhiteTeamCountry "GER"]
[BlackTeamCountry "GER"]

1. e4 e5 2. Nf3 Nc6 3. Bb5 Nf6 4. d3 Bc5 5. c3 a6 6. Bxc6 dxc6 7. d4 exd4 8. cxd4 Ba7 9. e5 Nd5 10. b3 0-0 11. Ba3 Re8 12. Nbd2 Nc3 13. Qc2 Bxd4 14. Nxd4 Qxd4 15. Nf3 Qe4+ 16. Qxe4 Nxe4 17. g4 Bxg4 18. Nh4 Rxe5 19. Kf1 Bh3+ 20. Ke1 Ng3+ 21. Kd2 Nxh1 22. Rc1 Rd5+ 23. Kc2 Nxf2 24. Rf1 Bf5+ 25. Kb2 Nd3+ 26. Kc3 Be6 27. Kc4 Rf5+ 28. Kxd3 Rxf1 29. Ng2 Rd1+ 30. Kc2 Rg1 31. Nf4 Bf5+ 32. Kc3 Rg4 33. Ne2 b5 34. b4 Rc4+ 35. Kb3 Re8 36. Nd4 Re3+ 37. Kb2 Bg6 38. h4 Rxd4 39. h5 Bxh5 40. Kc2 Bd1+ 41. Kb2 Rd2+ 42. Kb1 Rxa3 43. Kc1 Raxa2 44. Kb1 Bb3 45. Kc1 Rd1# 0-1